000 00699cam a22002052 4500
001 0000009390
005 20151217145850.0
008 081013s xx 000 0 eng d
020 _a0801022754 :
_cKES 2300
040 _aKABU
_cKABU
245 1 0 _aIntroducing christian education :
_bfoundations for the twenty-first century /
_c[edited by] Michael J. Anthony.
260 _aGrand Rapids, MI :
_bBaker Academic,
_c2001.
300 _a301 p.
650 0 _aChristian education.
_@0000149610
700 1 _aAnthony, Michael J.
_@0000159241
852 1 _9p2100 KES
908 _a081013
950 _@1
999 _c3460
_d3460